00604 2200193 4500001002100000005001500021035002000036007000300056008004100059020001800100082000800118084001400126100001900140245014700159260004900306300002200355650002000377990001300397INLIS00000000000023220221129115334 a0010-1122000232ta221129 g 1 ind  a979-22-0301-x a813 a813 LEM a0 aLemony Snicket1 aA Series of unfortunate events: The Bad Beginning :bKisah anak-anak baudelaire: Mula malapetaka /cLemony Snicket, penerjemah:Novia Stephani. aJakarta :bPT. Gramedia Pustaka Utama,c2003 a156 hlm. ;c18cm. 4aFiksi Indonesia a01670167